000 00982nam a2200289 a 4500
001 000010971
003 DO-SdBNP
005 20240412074222.0
007 ta
008 091013s1986 dr 001 p spa d
040 _aDO-SdBNP
_bspa
_cBNPHU
082 _aRD861.44
_bV443r
100 1 _aVeloz Maggiolo, Marcio,
_d1936-2021
_91104
245 1 0 _aRetorno a la palabra ;
_bPoemas en ciernes /
_cMarcio Veloz Maggiolo.
260 _aSanto Domingo :
_bTaller,
_c1986.
300 _a64, 28 p. ;
_c20 cm.
490 1 _aBiblioteca Taller
_v229
501 _aPublicado con: Poemas en ciernes.
563 _aDos obras con encuadernación invertida en paginación independiente
590 _aInventariado, 2019/LP
650 0 _aPoesía dominicana
_966
650 0 _aLiteratura dominicana.
_967
700 1 _aVeloz Maggiolo, Marcio,
_d1936-2021
_tPoemas en ciernes
_91104
830 0 _aBiblioteca taller
_v229
_9164
910 _aValidado. Control de calidad MMOLINA
942 _2ddc
_cLBS1
999 _c10709
_d10709